Infortunística (Record no. 56982)

MARC details
000 -LEADER
campo de control de longitud fija 00456nam a2200145 i 4500
001 - NÚMERO DE CONTROL
campo de control 56982
003 - IDENTIFICADOR DE NÚMERO DE CONTROL
campo de control ES-MaACL
007 - CAMPO FIJO DE DESCRIPCIÓN FÍSICA--INFORMACIÓN GENERAL
campo de control de longitud fija t|
008 - DATOS DE LONGITUD FIJA--INFORMACIÓN GENERAL
campo de control de longitud fija 031014m19531954it ||||1| ita d
100 1# - ENTRADA PRINCIPAL--NOMBRE DE PERSONA
Nombre de persona Díez, Salvatore.
9 (RLIN) 44671
245 10 - MENCIÓN DEL TÍTULO
Título Infortunística
Resto del título : patología traumática e medicina legale /
Mención de responsabilidad, etc. Salvatore Díez.
260 ## - PUBLICACIÓN, DISTRIBUCIÓN, ETC.
Lugar de publicación, distribución, etc. [S.l. :
Nombre del editor, distribuidor, etc. Minerva Médica,
Fecha de publicación, distribución, etc. 1953-54] (
Lugar de fabricación/manufactura Torino :
Fabricante Almiro)
300 ## - DESCRIPCIÓN FÍSICA
Extensión 2 v.p. ;
Dimensiones 26 cm.
852 ## - LOCALIZACIÓN
Ubicación ES-MaACL
Número de control de estantería C-9182-3
Sublocalización o colección R.37305
Holdings
Estatus retirado Estado de pérdida Estado de daño No para préstamo Biblioteca de origen Biblioteca actual Ubicación en estantería Fecha de adquisición Fuente de adquisición Total de préstamos Signatura topográfica completa Código de barras Visto por última vez Precio de reemplazo Tipo de ítem Koha
        Biblioteca del Ateneo de Madrid Biblioteca del Ateneo de Madrid Sala Palomar 17/01/2008     C-9182-3 1059836 23/02/2023 23/02/2023 Libro impreso